Score 0/24 Timer 02:30
0 Plays Today
Song Missing Word % Correct
___ Cry for Me ArgentinaDon't
97.5%
___ Morning, Baltimore!Good
94.5%
Don’t ___ on My ParadeRain
91.9%
All That ___Jazz
90.4%
There’s No Business Like ___ BusinessShow
89.4%
As If We Never ___ GoodbyeSaid
89%
Unworthy of Your ___Love
87.4%
If He Walked into My ___ TodayLife
77%
You’ll Never ___ AloneWalk
72.9%
___ in the ClownsSend
71.3%
I Am ___ I AmWhat
70.2%
Right ___ ManHand
68.5%
Song Missing Word % Correct
___ Unfortunate SoulsPoor
67.6%
___ Me or Leave MeTake
64.8%
Losing My ___Mind
59.6%
One Day ___More
57.1%
I'm Not That ___Girl
48.9%
___ on Down the RoadEase
44%
Whatever ___ WantsLola
43.6%
Children ___ ListenWill
42.3%
___ RowSkid
38.1%
___ to BeforeBack
28.8%
___ of KeysRing
25%
___ It OffTurn
19.6%

Today's Daily Dose

Remove Ads.
Support Sporcle.
Get the best of Sporcle when you Go Orange. This ad-free experience offers more features, more stats, and more fun while also helping to support Sporcle. Thank you for becoming a member.

You're not logged in!

Compare scores with friends on all Sporcle quizzes.
OR
Log In

Show Comments

Extras

Top Quizzes Today


Score Distribution

Your Account Isn't Verified!

In order to create a playlist on Sporcle, you need to verify the email address you used during registration. Go to your Sporcle Settings to finish the process.

Report this User

Report this user for behavior that violates our Community Guidelines.

Details: